| 000 | 00486nam a2200157Ia 4500 | ||
|---|---|---|---|
| 008 | 230718s9999 xx 000 0 und d | ||
| 041 | _aeng | ||
| 082 |
_a005.1 _bTAH |
||
| 100 |
_aTahir M.N. _9195894 |
||
| 245 |
_aLearning Android Canvas _bDevelop And Deploy Graphics-Rich Android Applications Using Android Canvas |
||
| 260 |
_c2013 _bPackt/SPD |
||
| 300 | _a93 | ||
| 365 |
_cRs. _b225.00 |
||
| 700 |
_aTahir M.N. _9195894 |
||
| 906 |
_dO:0379903-Mar-2014B:486802-Jan-2014 _cCOMP _b49.5 |
||
| 999 |
_c335621 _d335621 |
||